[Event "DEM U12 2012"]
[Site "Oberhof GER"]
[Date "2012.05.29"]
[Round "5"]
[White "Muckle, Julius"]
[Black "Kololli, Martin"]
[Result "1-0"]
[Termination "normal"]
[Board "11"]
[WhiteElo "1541"]
[BlackElo "1739"]
[PlyCount "71"]
[WhiteFideId "12942430"]
[BlackFideId "12936910"]
[EventCountry "GER"]
[EventRounds "11"]
[EventType "swiss"]
[EventDate "2012.05.26"]

1. d4 f5 2. g3 Nf6 3. Bg2 e6 4. c4 c6 5. Nh3 d5 6. O-O Bd6 7. Bf4 O-O 8. e3 Qe7
9. Bxd6 Qxd6 10. f4 Bd7 11. c5 Qe7 12. Nc3 Na6 13. a3 Be8 14. Bf3 Ne4 15. Nxe4
fxe4 16. Bg4 Bg6 17. Nf2 Bf5 18. Kh1 Kh8 19. Rg1 b6 20. b4 bxc5 21. bxc5 Rab8
22. Be2 Nc7 23. Rb1 Bg6 24. Qa4 e5 25. Rxb8 Rxb8 26. fxe5 Rb2 27. Re1 Qf7 28.
Kg1 Bh5 29. g4 Bg6 30. Nd1 Ra2 31. Qxc6 h6 32. Rf1 Qe7 33. Nc3 Be8 34. Qd6 Qxd6
35. exd6 Rxe2 36. dxc7 1-0

[Event "DEM U12 2012"]
[Site "Oberhof GER"]
[Date "2012.05.29"]
[Round "5"]
[White "Burg, Niclas"]
[Black "Kololli, Kevin"]
[Result "1/2-1/2"]
[Termination "normal"]
[Board "12"]
[WhiteElo "1614"]
[BlackElo "1767"]
[PlyCount "73"]
[WhiteFideId "1271968"]
[BlackFideId "12936863"]
[EventCountry "GER"]
[EventRounds "11"]
[EventType "swiss"]
[EventDate "2012.05.26"]

1. e4 e5 2. Nf3 Nc6 3. Bb5 Nf6 4. O-O Nxe4 5. Re1 Nd6 6. Bxc6 dxc6 7. Rxe5+ Be7
8. Qe1 f6 9. Re3 Kf7 10. Nc3 Re8 11. d4 Bg4 12. Qe2 Kg8 13. d5 Qd7 14. dxc6
Qxc6 15. Nd4 Qd7 16. f3 Nf5 17. Qc4+ Kh8 18. Rd3 Nxd4 19. Rxd4 Qe6 20. Bf4 Bf5
21. Qxe6 Bxe6 22. Kh1 Bc5 23. Rd2 c6 24. Ne4 Bf8 25. Bd6 Bd5 26. Bxf8 Rxf8 27.
Nd6 Rad8 28. Nf5 Bxa2 29. Rxd8 Rxd8 30. b3 Rd2 31. Re1 h6 32. Ne3 b5 33. Kg1 a5
34. Kf1 a4 35. bxa4 bxa4 36. Ra1 Bd5 37. Rxa4 1/2-1/2

[Event "DEM U12 2012"]
[Site "Oberhof GER"]
[Date "2012.05.29"]
[Round "5"]
[White "Schnabel, Bennett"]
[Black "Greßmann, Moritz"]
[Result "1/2-1/2"]
[Termination "normal"]
[Board "13"]
[WhiteElo "1693"]
[BlackElo "1821"]
[PlyCount "48"]
[WhiteFideId "12943290"]
[BlackFideId "24695084"]
[EventCountry "GER"]
[EventRounds "11"]
[EventType "swiss"]
[EventDate "2012.05.26"]

1. d4 d5 2. Nf3 Nf6 3. e3 e6 4. Bd3 c5 5. c3 Nc6 6. Nbd2 Bd6 7. O-O O-O 8. e4
e5 9. exd5 Nxd5 10. Be4 Bb8 11. dxe5 Nxe5 12. Nxe5 Bxe5 13. Bxh7+ Kxh7 14. Qh5+
Kg8 15. Qxe5 Re8 16. Qg3 Re6 17. Nf3 Rg6 18. Qh4 Qxh4 19. Nxh4 Rb6 20. c4 Nb4
21. b3 Ra6 22. Rd1 Be6 23. Nf3 Nxa2 24. Bb2 Nb4 1/2-1/2

[Event "DEM U12 2012"]
[Site "Oberhof GER"]
[Date "2012.05.29"]
[Round "5"]
[White "Baberz, Alexander"]
[Black "Wächter, Nathalie"]
[Result "1-0"]
[Termination "normal"]
[Board "14"]
[WhiteElo "1815"]
[BlackElo "1656"]
[PlyCount "117"]
[WhiteFideId "12921734"]
[BlackFideId "12921033"]
[EventCountry "GER"]
[EventRounds "11"]
[EventType "swiss"]
[EventDate "2012.05.26"]

1. d4 Nf6 2. c4 e6 3. Nf3 b6 4. g3 Bb7 5. Bg2 Be7 6. O-O O-O 7. Nc3 d5 8. cxd5
exd5 9. Qc2 Nbd7 10. Bf4 c6 11. Rad1 Re8 12. Be5 Nxe5 13. Nxe5 Bd6 14. f4 Qe7
15. e4 dxe4 16. Nxe4 Bxe5 17. dxe5 Nxe4 18. Bxe4 h6 19. b4 c5 20. Bxb7 Qxb7 21.
bxc5 Rac8 22. Qf5 Rf8 23. cxb6 Qxb6+ 24. Rf2 Rcd8 25. Rb1 Qc5 26. Qc2 Qd4 27.
h3 Qe3 28. Kh2 Rd3 29. Rg2 Rfd8 30. Qe2 Qd4 31. Qf2 Qa4 32. Rb3 Rd2 33. Qxd2
Rxd2 34. Rxd2 Qa5 35. Rbd3 Kf8 36. Re2 Ke7 37. e6 fxe6 38. Rde3 Kf7 39. Rxe6
Qa4 40. R6e4 Qa3 41. R4e3 Qa4 42. Rf2 Qd4 43. Ref3 Qa1 44. g4 Kg6 45. f5+ Kf6
46. Re3 Qd4 47. Rfe2 Qd6+ 48. Kg2 Qd5+ 49. Kg3 Qd6+ 50. Kh4 Qc5 51. Re6+ Kf7
52. Re7+ Qxe7+ 53. Rxe7+ Kxe7 54. Kh5 Kf6 55. h4 Kf7 56. g5 hxg5 57. Kxg5 a5
58. a4 Kf8 59. Kg6 1-0

[Event "DEM U12 2012"]
[Site "Oberhof GER"]
[Date "2012.05.29"]
[Round "5"]
[White "Pallas, Sebastian"]
[Black "Laubrock, Paul"]
[Result "1-0"]
[Termination "normal"]
[Board "15"]
[WhiteElo "1793"]
[BlackElo "1648"]
[PlyCount "51"]
[WhiteFideId "12905453"]
[BlackFideId "1270509"]
[EventCountry "GER"]
[EventRounds "11"]
[EventType "swiss"]
[EventDate "2012.05.26"]

1. e4 e5 2. Nf3 Nc6 3. d4 exd4 4. Nxd4 Bc5 5. Nxc6 Qf6 6. Qf3 Qxf3 7. gxf3 bxc6
8. Nd2 Ne7 9. Nb3 Bb6 10. a4 a5 11. Rg1 O-O 12. Be2 d5 13. Be3 Bxe3 14. fxe3
dxe4 15. fxe4 Be6 16. Nc5 Kh8 17. O-O-O Rad8 18. Rgf1 Rxd1+ 19. Rxd1 Bh3 20. b3
g6 21. Nb7 f5 22. Rd7 Re8 23. Rxc7 fxe4 24. Nd6 Rc8 25. Rxe7 Rf8 26. Re8 1-0

[Event "DEM U12 2012"]
[Site "Oberhof GER"]
[Date "2012.05.29"]
[Round "5"]
[White "Rätzke von Stoyentin, Steffen"]
[Black "Kreyssig, Bruno"]
[Result "1-0"]
[Termination "normal"]
[Board "18"]
[WhiteElo "1741"]
[BlackElo "1741"]
[PlyCount "71"]
[WhiteFideId "12907502"]
[BlackFideId "4692489"]
[EventCountry "GER"]
[EventRounds "11"]
[EventType "swiss"]
[EventDate "2012.05.26"]

1. d4 Nf6 2. c4 g6 3. Nc3 Bg7 4. e4 d6 5. Nf3 O-O 6. Be2 e5 7. O-O Nc6 8. d5
Ne7 9. Ne1 Ne8 10. Nd3 f5 11. Bd2 f4 12. c5 Kh8 13. Rc1 g5 14. Nb5 a6 15. cxd6
cxd6 16. Nc7 Rb8 17. Ne6 Bxe6 18. dxe6 Nf6 19. Qa4 g4 20. f3 Nc6 21. fxg4 Nd4
22. Bf3 Nxe6 23. Bc3 Nd7 24. Kh1 Ndc5 25. Nxc5 Nxc5 26. Qa3 Qe8 27. Bb4 b6 28.
Bxc5 dxc5 29. Qxa6 Qe6 30. a3 Rfd8 31. Rxc5 Ra8 32. Qc4 Qxc4 33. Rxc4 Rd2 34.
Rb4 Rb8 35. Rc1 Bf8 36. Rb5 1-0

[Event "DEM U12 2012"]
[Site "Oberhof GER"]
[Date "2012.05.29"]
[Round "5"]
[White "Schirra, Maurice"]
[Black "Fieberg, Samuel"]
[Result "1/2-1/2"]
[Termination "normal"]
[Board "19"]
[WhiteElo "1617"]
[BlackElo "1872"]
[PlyCount "69"]
[WhiteFideId "12941115"]
[BlackFideId "12901717"]
[EventCountry "GER"]
[EventRounds "11"]
[EventType "swiss"]
[EventDate "2012.05.26"]

1. e4 c5 2. Nf3 d6 3. d4 cxd4 4. Nxd4 Nf6 5. Nc3 Bd7 6. Bg5 e6 7. Be2 Be7 8.
O-O a6 9. Kh1 h6 10. Bh4 Nc6 11. f4 O-O 12. a3 Rc8 13. Qd3 e5 14. fxe5 Nxe5 15.
Qd2 Qb6 16. Bxf6 Bxf6 17. Nd5 Bg5 18. Nxb6 Bxd2 19. Nxc8 Rxc8 20. c3 Bg5 21.
Nf3 Nxf3 22. Bxf3 Bc6 23. Rad1 Be7 24. Rfe1 f6 25. Kg1 g6 26. Kf2 Kf8 27. Rd2
Rc7 28. Red1 Ba4 29. Re1 Bb3 30. Bd1 Be6 31. Bc2 Kf7 32. h4 Rc5 33. g3 Rc7 34.
Red1 Bg4 35. Re1 1/2-1/2

[Event "DEM U12 2012"]
[Site "Oberhof GER"]
[Date "2012.05.29"]
[Round "5"]
[White "Wiesner, Alexander"]
[Black "Buckels, Valentin"]
[Result "0-1"]
[Termination "normal"]
[Board "20"]
[WhiteElo "1474"]
[BlackElo "1805"]
[PlyCount "98"]
[WhiteFideId "12943991"]
[BlackFideId "12942766"]
[EventCountry "GER"]
[EventRounds "11"]
[EventType "swiss"]
[EventDate "2012.05.26"]

1. d4 d5 2. Bf4 e6 3. e3 c5 4. c3 Nc6 5. Nf3 Nf6 6. Nbd2 Bd6 7. Bxd6 Qxd6 8.
Be2 O-O 9. O-O Re8 10. dxc5 Qxc5 11. Qc2 e5 12. Nb3 Qb6 13. Rfd1 Bg4 14. h3 Bh5
15. Ne1 Bxe2 16. Qxe2 Rad8 17. Nf3 e4 18. Nfd4 Ne5 19. Rab1 Nfd7 20. Nc1 Nc5
21. b4 Ncd3 22. Nxd3 Nxd3 23. Nc2 Rc8 24. Rb3 Qg6 25. Ne1 Nxe1 26. Qxe1 Re5 27.
Qf1 h6 28. Kh1 Qf6 29. Kg1 Rg5 30. Rc1 Qe6 31. Kh1 a6 32. b5 a5 33. Rd1 b6 34.
Rd4 Rc5 35. Qe2 Qc8 36. Qd2 Qc7 37. Qb2 Rc4 38. Qd2 Qc5 39. Kg1 h5 40. Kh1 f6
41. Kg1 Re5 42. Kh1 Rf5 43. Kg1 Kf7 44. Rxc4 Qxc4 45. Qd4 Qe2 46. f4 exf3 47.
gxf3 Rg5+ 48. Kh1 Qf1+ 49. Kh2 Rg2# 0-1

[Event "DEM U12 2012"]
[Site "Oberhof GER"]
[Date "2012.05.29"]
[Round "5"]
[White "Junk, Phillip"]
[Black "Krüger, David"]
[Result "1/2-1/2"]
[Termination "normal"]
[Board "21"]
[WhiteElo "1443"]
[BlackElo "1762"]
[PlyCount "66"]
[WhiteFideId "12952095"]
[BlackFideId "12921858"]
[EventCountry "GER"]
[EventRounds "11"]
[EventType "swiss"]
[EventDate "2012.05.26"]

1. e4 e5 2. Nf3 Nc6 3. Bc4 Bc5 4. c3 Nf6 5. d4 exd4 6. cxd4 Bb4+ 7. Bd2 Nxe4 8.
Bxb4 Nxb4 9. Bxf7+ Kxf7 10. Qb3+ d5 11. Ne5+ Kf6 12. Qxb4 c5 13. Qa4 Re8 14.
O-O g6 15. Nc3 Nxc3 16. bxc3 Kg7 17. Rfe1 c4 18. Nf3 Bf5 19. Re5 Rxe5 20. Nxe5
Qb6 21. Qa3 Re8 22. Re1 a6 23. Nf3 Rxe1+ 24. Nxe1 Qe6 25. Kf1 h5 26. Qb2 b5 27.
Qe2 Qxe2+ 28. Kxe2 Kf6 29. h3 a5 30. a3 g5 31. f3 h4 32. Kd2 Bg6 33. Ke3 Kf5
1/2-1/2

[Event "DEM U12 2012"]
[Site "Oberhof GER"]
[Date "2012.05.29"]
[Round "5"]
[White "Abbasov, Amil"]
[Black "Ott, Josef Sebastian"]
[Result "1-0"]
[Termination "normal"]
[Board "22"]
[WhiteElo "1716"]
[BlackElo "1478"]
[PlyCount "73"]
[WhiteFideId "12930300"]
[BlackFideId "12952079"]
[EventCountry "GER"]
[EventRounds "11"]
[EventType "swiss"]
[EventDate "2012.05.26"]

1. e4 e5 2. Nf3 Nc6 3. Bc4 Bc5 4. O-O Nf6 5. d4 exd4 6. e5 d5 7. exf6 dxc4 8.
fxg7 Rg8 9. Bg5 Qd6 10. Re1+ Be6 11. Bf6 Qf4 12. Bg5 Qf5 13. Bh4 Kd7 14. Bg3
Rae8 15. Ne5+ Nxe5 16. Rxe5 Qg4 17. f3 d3+ 18. Rxc5 Qd4+ 19. Bf2 Qxb2 20. Nd2
b6 21. Rg5 Qf6 22. Ne4 Qh6 23. Qd2 f5 24. Be3 Kc8 25. Rxf5 Qxg7 26. Rf6 c3 27.
Qf2 d2 28. Bh6 Qe7 29. Qe2 Bd5 30. Rf4 Rg6 31. Bg7 Rxg7 32. Qd3 Qg5 33. Nxg5
Re1+ 34. Kf2 Rxa1 35. Qxd5 c5 36. Rf8+ Kc7 37. Ne6# 1-0

[Event "DEM U12 2012"]
[Site "Oberhof GER"]
[Date "2012.05.29"]
[Round "5"]
[White "Ley, Sabrina"]
[Black "Reuker, Jari"]
[Result "0-1"]
[Termination "normal"]
[Board "23"]
[WhiteElo "1334"]
[BlackElo "1771"]
[PlyCount "114"]
[WhiteFideId "12938130"]
[BlackFideId "12909300"]
[EventCountry "GER"]
[EventRounds "11"]
[EventType "swiss"]
[EventDate "2012.05.26"]

1. e4 c5 2. Nc3 e6 3. f4 d5 4. Nf3 dxe4 5. Nxe4 Nf6 6. Nf2 a6 7. g3 b5 8. d3
Bb7 9. Bg2 Nbd7 10. O-O Qc7 11. b3 Bd6 12. Re1 O-O 13. Qe2 Rfe8 14. Bb2 Rac8
15. Rad1 Bd5 16. Qe3 c4 17. dxc4 bxc4 18. Qe2 Bc5 19. Kh1 Qb6 20. Nh3 cxb3 21.
axb3 Bb4 22. Rf1 Bc3 23. Ba3 Ng4 24. Rd3 Qa5 25. Bc1 Ngf6 26. Bd2 Ne4 27. Nfg5
Nxd2 28. Rd1 h6 29. Nf3 Nxf3 30. Bxf3 Nf6 31. Qe3 Qc5 32. Qe2 Bxf3+ 33. Qxf3
Qc6 34. Qxc6 Rxc6 35. Nf2 Bb4 36. c4 Bc5 37. Nh3 Ng4 38. Re1 Kf8 39. Kg2 Ke7
40. Ng1 Rd8 41. Rxd8 Kxd8 42. Nf3 Ne3+ 43. Kh3 Rb6 44. Rb1 Nxc4 45. Rd1+ Nd6
46. Rd3 Ke7 47. Nd2 Bb4 48. Nf3 a5 49. Re3 Nf5 50. Rd3 Rd6 51. Rxd6 Kxd6 52.
Ne5 f6 53. Nc4+ Kc5 54. Kg4 a4 55. bxa4 Kxc4 56. Kh5 Ne7 57. Kg4 Bd6 0-1

[Event "DEM U12 2012"]
[Site "Oberhof GER"]
[Date "2012.05.29"]
[Round "5"]
[White "Herbrig, Alexander"]
[Black "Reimers, Kim"]
[Result "1-0"]
[Termination "normal"]
[Board "24"]
[WhiteElo "1662"]
[BlackElo "1473"]
[PlyCount "105"]
[WhiteFideId "12952044"]
[BlackFideId "12930377"]
[EventCountry "GER"]
[EventRounds "11"]
[EventType "swiss"]
[EventDate "2012.05.26"]

1. e4 e6 2. d4 d5 3. Nd2 Nf6 4. e5 Nfd7 5. Bd3 c5 6. c3 Nc6 7. Ne2 Qb6 8. Nf3
cxd4 9. cxd4 f6 10. exf6 Nxf6 11. O-O Bd6 12. b3 O-O 13. Be3 Bd7 14. Ne5 Rae8
15. Nxc6 Bxc6 16. Nc3 a6 17. h4 Qd8 18. f4 g6 19. g3 Kg7 20. Bc2 Qe7 21. Qe2 h5
22. Rae1 Bb4 23. Bd2 Bd6 24. Qd1 Rc8 25. f5 Bd7 26. Qf3 Ng4 27. Bb1 gxf5 28.
Nxd5 Qf7 29. Nf4 Rfe8 30. Bc3 Kg8 31. Nh3 Bb5 32. Ng5 Qg6 33. d5 Bxf1 34. Rxf1
Ne5 35. Bxe5 Bxe5 36. dxe6 Rc3 37. Bxf5 Rxf3 38. Bxg6 Rxf1+ 39. Kxf1 Re7 40.
Kf2 Kf8 41. Kf3 Rc7 42. g4 Rc3+ 43. Ke4 Bg3 44. gxh5 Bxh4 45. Nf7 Rc7 46. h6
Bf6 47. h7 b5 48. h8=Q+ Bxh8 49. Nxh8 Kg7 50. Kd5 Kxh8 51. Kd6 Rc1 52. e7 Rd1+
53. Ke6 1-0

[Event "DEM U12 2012"]
[Site "Oberhof GER"]
[Date "2012.05.29"]
[Round "5"]
[White "Peter, Anton"]
[Black "Köhler, Inken"]
[Result "1/2-1/2"]
[Termination "normal"]
[Board "25"]
[WhiteElo "1739"]
[BlackElo "1459"]
[PlyCount "95"]
[WhiteFideId "12901660"]
[BlackFideId "12929301"]
[EventCountry "GER"]
[EventRounds "11"]
[EventType "swiss"]
[EventDate "2012.05.26"]

1. Nf3 d5 2. d4 c5 3. e3 cxd4 4. exd4 Nc6 5. Bd3 Bg4 6. c3 Nf6 7. O-O e6 8. Bg5
Be7 9. Nbd2 O-O 10. Re1 Qc7 11. Nf1 Bh5 12. Ng3 Bg6 13. Bxg6 hxg6 14. Qd3 Bd6
15. Nh4 Nh7 16. Bd2 g5 17. Nf3 g4 18. Ng5 Nxg5 19. Bxg5 e5 20. dxe5 Bxe5 21.
Qxd5 Rfe8 22. Qc4 Qd7 23. Rad1 Bxg3 24. hxg3 Rxe1+ 25. Rxe1 Qf5 26. Be3 Rc8 27.
Qe2 Re8 28. Rd1 a6 29. b3 Re7 30. Qd3 Qa5 31. Qc2 Rc7 32. c4 Qa3 33. Bc1 Qe7
34. Qd2 Qe8 35. Re1 Re7 36. Rxe7 Qxe7 37. Bb2 Qe6 38. Bc3 Qg6 39. Qd1 Qe4 40.
Kh2 Qh7+ 41. Kg1 Qe4 42. a3 Qf5 43. b4 Qe4 44. c5 Qc4 45. Bb2 Qe4 46. Qc1 Qf5
47. Qd2 Qb1+ 48. Qc1 1/2-1/2

[Event "DEM U12 2012"]
[Site "Oberhof GER"]
[Date "2012.05.29"]
[Round "5"]
[White "Özkan, Afet-Ekin"]
[Black "Savchenko, Daniel"]
[Result "1/2-1/2"]
[Termination "normal"]
[Board "26"]
[WhiteElo "1406"]
[BlackElo "1628"]
[PlyCount "40"]
[WhiteFideId "12952117"]
[BlackFideId "12919195"]
[EventCountry "GER"]
[EventRounds "11"]
[EventType "swiss"]
[EventDate "2012.05.26"]

1. d4 d5 2. c4 e6 3. Nf3 c5 4. cxd5 exd5 5. Nc3 Nc6 6. g3 c4 7. Bg2 Bb4 8. O-O
Nge7 9. a3 Ba5 10. Re1 O-O 11. b4 cxb3 12. Qxb3 Bxc3 13. Qxc3 Na5 14. Bf4 Nc4
15. e4 b5 16. a4 Bd7 17. exd5 Nxd5 18. Qb3 Nxf4 19. gxf4 a6 20. Ne5 Be6 1/2-1/2

[Event "DEM U12 2012"]
[Site "Oberhof GER"]
[Date "2012.05.29"]
[Round "5"]
[White "Dallinger, Moritz"]
[Black "Vuckovic, Zarko"]
[Result "0-1"]
[Termination "normal"]
[Board "27"]
[WhiteElo "1547"]
[BlackElo "1458"]
[PlyCount "116"]
[WhiteFideId "12910864"]
[BlackFideId "12952087"]
[EventCountry "GER"]
[EventRounds "11"]
[EventType "swiss"]
[EventDate "2012.05.26"]

1. e4 e6 2. d4 d5 3. Nc3 dxe4 4. Nxe4 Nd7 5. Nf3 Ngf6 6. Nxf6+ Nxf6 7. Bg5 Be7
8. Bc4 O-O 9. O-O Bd7 10. Re1 Rc8 11. c3 c5 12. d5 exd5 13. Bxd5 Nxd5 14. Qxd5
Be6 15. Qxd8 Bxd8 16. b3 Ba5 17. Rac1 Rfe8 18. Bd2 Bg4 19. Ne5 Bf5 20. Nc4 Bc7
21. Rxe8+ Rxe8 22. Re1 Rxe1+ 23. Bxe1 Bb1 24. a3 Ba2 25. Nd2 Be5 26. Ne4 Bxb3
27. Nxc5 Bd5 28. Nd3 Bd6 29. Nb4 Bb3 30. f3 a5 31. Nd3 Bxa3 32. c4 a4 33. c5
Bc4 34. Nb4 Bb2 35. c6 bxc6 36. Nxc6 a3 37. Nb4 a2 38. Nxa2 Bxa2 39. Kf2 f6 40.
Kg3 Bd5 41. Bf2 Be5+ 42. Kh3 Be6+ 43. g4 h5 44. Bg1 Bd5 45. gxh5 Bxf3 46. Kh4
Bf4 47. h3 Bg5+ 48. Kg3 Bxh5 49. h4 Bd2 50. Bf2 Bc3 51. Kf4 Be5+ 52. Kf5 Kf7
53. Ke4 Ke6 54. Be1 Bg6+ 55. Kf3 Kf5 56. Bf2 Bh5+ 57. Ke3 Kg4 58. Be1 Bg3 0-1

[Event "DEM U12 2012"]
[Site "Oberhof GER"]
[Date "2012.05.29"]
[Round "5"]
[White "Hoppe, Andreas"]
[Black "Heldt, Nils-Lennart"]
[Result "1/2-1/2"]
[Termination "normal"]
[Board "28"]
[WhiteElo "1743"]
[BlackElo "1408"]
[PlyCount "62"]
[WhiteFideId "12922811"]
[BlackFideId "12952109"]
[EventCountry "GER"]
[EventRounds "11"]
[EventType "swiss"]
[EventDate "2012.05.26"]

1. e4 e6 2. d4 d5 3. Nd2 Nf6 4. e5 Nfd7 5. f4 c5 6. c3 Nc6 7. Ndf3 cxd4 8. cxd4
Be7 9. g3 O-O 10. Ne2 Rb8 11. Bh3 Nb6 12. b3 Bd7 13. Bd2 Rc8 14. O-O Na8 15.
Kh1 Nc7 16. Rc1 Ba3 17. Rb1 Nb5 18. Bc1 Be7 19. Bb2 Qb6 20. Rc1 a6 21. Qd3 Nb4
22. Qb1 a5 23. a4 Na7 24. Ba3 Qa6 25. Bxb4 Bxb4 26. Neg1 b5 27. Qd3 Qb6 28. Ra1
Rc6 29. Qd1 Rfc8 30. Ra2 bxa4 31. bxa4 Rc1 1/2-1/2

[Event "DEM U12 2012"]
[Site "Oberhof GER"]
[Date "2012.05.29"]
[Round "5"]
[White "Kuhn, Magnus"]
[Black "Wachsmann, Dietmar"]
[Result "1-0"]
[Termination "normal"]
[Board "29"]
[WhiteElo "1658"]
[BlackElo "1405"]
[PlyCount "105"]
[WhiteFideId "12926345"]
[BlackFideId "12917168"]
[EventCountry "GER"]
[EventRounds "11"]
[EventType "swiss"]
[EventDate "2012.05.26"]

1. e4 d6 2. d4 Nf6 3. Nc3 Nbd7 4. f4 e5 5. Nf3 exd4 6. Nxd4 c6 7. Be3 c5 8.
Ndb5 Nb8 9. a4 Bg4 10. Be2 Bxe2 11. Qxe2 Nc6 12. Rd1 Qb8 13. Qd2 Nb4 14. O-O a6
15. Nxd6+ Bxd6 16. Qxd6 Qxd6 17. Rxd6 Rc8 18. Rfd1 Nxc2 19. Bxc5 O-O 20. Rxf6
Rxc5 21. Rb6 f5 22. Rxb7 fxe4 23. Rdd7 Re8 24. Nxe4 Rf5 25. Rxg7+ Kf8 26. Rxh7
Kg8 27. Rbg7+ Kf8 28. Rh8+ Kxg7 29. Rxe8 Rxf4 30. Nc5 Kf7 31. Re2 Nd4 32. Rf2
Ke7 33. Rxf4 Ne2+ 34. Kf1 Nxf4 35. Nxa6 Nd3 36. b3 Kd6 37. b4 Kc6 38. Ke2 Nf4+
39. Kf3 Nd3 40. Ke3 Ne1 41. g4 Ng2+ 42. Ke4 Kb6 43. Nc5 Nh4 44. g5 Ng6 45. Kf5
Ne7+ 46. Ke6 Ng6 47. Kf6 Nh4 48. g6 Nf3 49. g7 Nxh2 50. g8=Q Nf3 51. Qe6+ Kc7
52. Qd7+ Kb8 53. Qb7# 1-0

[Event "DEM U12 2012"]
[Site "Oberhof GER"]
[Date "2012.05.29"]
[Round "5"]
[White "Schamber, Dennis"]
[Black "Müller, Elias"]
[Result "1-0"]
[Termination "normal"]
[Board "30"]
[WhiteElo "1108"]
[BlackElo "1703"]
[PlyCount "71"]
[WhiteFideId "12952176"]
[BlackFideId "12917133"]
[EventCountry "GER"]
[EventRounds "11"]
[EventType "swiss"]
[EventDate "2012.05.26"]

1. e4 c6 2. d4 d5 3. e5 g6 4. h4 Bg7 5. Bf4 h5 6. Bd3 b6 7. Nf3 Bb7 8. Qd2 e6
9. Nc3 Nd7 10. O-O-O Ne7 11. Rhg1 Qc7 12. Rde1 O-O-O 13. g4 hxg4 14. Rxg4 a6
15. Qe2 b5 16. Ng5 Rdf8 17. Nf3 Bh6 18. Bxh6 Rxh6 19. Qe3 Rh5 20. Rg5 c5 21.
Rxh5 gxh5 22. Qh6 cxd4 23. Nxd4 Qc5 24. Qe3 Nc6 25. Nxc6 Qxe3+ 26. Rxe3 Bxc6
27. Rg3 Nxe5 28. Rg5 Nxd3+ 29. cxd3 Rh8 30. Rg7 Be8 31. Ne2 Kd7 32. Nf4 Kd6 33.
Rg5 f6 34. Rg7 a5 35. Ng6 Bd7 36. Nxh8 1-0

[Event "DEM U12 2012"]
[Site "Oberhof GER"]
[Date "2012.05.29"]
[Round "5"]
[White "Diener, Carolin Valeria"]
[Black "Schluckner, Paul-Leopold"]
[Result "1-0"]
[Termination "normal"]
[Board "31"]
[WhiteElo "1745"]
[BlackElo "1110"]
[PlyCount "39"]
[WhiteFideId "24699063"]
[BlackFideId "12952168"]
[EventCountry "GER"]
[EventRounds "11"]
[EventType "swiss"]
[EventDate "2012.05.26"]

1. e4 e5 2. Nf3 Nc6 3. Bb5 a6 4. Bxc6 dxc6 5. O-O f6 6. d4 Bg4 7. c3 Qd7 8. Be3
O-O-O 9. Nbd2 Ne7 10. Qc2 Ng6 11. b4 exd4 12. Nxd4 c5 13. bxc5 Bxc5 14. Rab1
Bxd4 15. cxd4 Kb8 16. Qb3 c6 17. Rfc1 Be6 18. d5 cxd5 19. Qb6 d4 20. Bxd4 1-0

[Event "DEM U12 2012"]
[Site "Oberhof GER"]
[Date "2012.05.29"]
[Round "5"]
[White "Hesse, Henrik"]
[Black "Killgus, Leonard"]
[Result "1-0"]
[Termination "normal"]
[Board "32"]
[WhiteElo "1489"]
[BlackElo "1374"]
[PlyCount "46"]
[WhiteFideId "12952060"]
[BlackFideId "12922021"]
[EventCountry "GER"]
[EventRounds "11"]
[EventType "swiss"]
[EventDate "2012.05.26"]

1. e4 e5 2. Nf3 Nc6 3. Bc4 Nf6 4. d3 Bc5 5. c3 a6 6. O-O d6 7. Bb3 Ba7 8. Re1
Be6 9. Nbd2 O-O 10. Nf1 h6 11. Ng3 Ne7 12. d4 Ng6 13. d5 Bg4 14. h3 Bxf3 15.
Qxf3 Nh7 16. Nf5 Ng5 17. Qg4 Kh7 18. h4 f6 19. hxg5 fxg5 20. Be3 Nf4 21. Bxf4
exf4 22. Qh5 Qf6 23. Bd1 Rh8 1-0

[Event "DEM U12 2012"]
[Site "Oberhof GER"]
[Date "2012.05.29"]
[Round "5"]
[White "Fromm, Katja"]
[Black "Spitzl, Vinzent"]
[Result "1/2-1/2"]
[Termination "normal"]
[Board "33"]
[WhiteElo "1367"]
[BlackElo "1725"]
[PlyCount "129"]
[WhiteFideId "12929409"]
[BlackFideId "12901253"]
[EventCountry "GER"]
[EventRounds "11"]
[EventType "swiss"]
[EventDate "2012.05.26"]

1. d4 d5 2. c4 e6 3. Nc3 c6 4. Nf3 Nf6 5. Bg5 h6 6. Bh4 dxc4 7. a4 Bb4 8. Bxf6
Qxf6 9. e3 b5 10. Be2 Bb7 11. O-O a6 12. Qc2 O-O 13. b3 cxb3 14. Qxb3 Bxc3 15.
Qxc3 Nd7 16. Rfc1 Rfc8 17. Nd2 Qe7 18. Ne4 b4 19. Qc4 a5 20. Nc5 Nxc5 21. Qxc5
Qxc5 22. Rxc5 Kf8 23. Rac1 Ke7 24. e4 Rd8 25. d5 Ba6 26. Bxa6 Rxa6 27. dxc6 Rc8
28. e5 f6 29. f4 fxe5 30. fxe5 b3 31. c7 Ra7 32. Rb1 Rcxc7 33. Rxc7+ Rxc7 34.
Rxb3 Rc5 35. Rb7+ Kf8 36. Rb8+ Kf7 37. Rb7+ Kg6 38. Rb5 Rd5 39. h3 Kf5 40. g4+
Kxe5 41. Rb7 Kf6 42. Ra7 g6 43. Ra6 Re5 44. Kf2 h5 45. Kf3 Rc5 46. gxh5 Rxh5
47. Kg3 Rc5 48. Kf2 Kf5 49. Kf3 e5 50. Ra8 Rc3+ 51. Kg2 Kf4 52. Rxa5 e4 53. Ra8
Rc2+ 54. Kf1 Ke3 55. a5 Rc1+ 56. Kg2 Ke2 57. a6 e3 58. a7 Ra1 59. Kh2 Ke1 60.
Kg2 e2 61. Kh2 g5 62. Kg2 Ra4 63. Kh2 Kd1 64. Rd8+ Kc2 65. Re8 1/2-1/2

[Event "DEM U12 2012"]
[Site "Oberhof GER"]
[Date "2012.05.29"]
[Round "5"]
[White "Edelmann, Jonas"]
[Black "Moses, Selina"]
[Result "1-0"]
[Termination "normal"]
[Board "34"]
[WhiteElo "1289"]
[BlackElo "1677"]
[PlyCount "131"]
[BlackFideId "12908070"]
[EventCountry "GER"]
[EventRounds "11"]
[EventType "swiss"]
[EventDate "2012.05.26"]

1. e4 c5 2. Nf3 d6 3. d4 cxd4 4. Nxd4 Nf6 5. Nc3 a6 6. g3 e6 7. Bg2 Qc7 8. O-O
Nc6 9. Be3 Be7 10. f4 e5 11. fxe5 dxe5 12. Nde2 O-O 13. Kh1 Rd8 14. Qe1 Nb4 15.
Rc1 Be6 16. a3 Nc6 17. h3 Qc8 18. g4 h6 19. Bb6 Rf8 20. Rd1 Nd7 21. Be3 Bg5 22.
Bxg5 hxg5 23. Nd5 g6 24. Qd2 Qd8 25. Nec3 Kg7 26. Qf2 Nd4 27. Na4 b5 28. Nac3
Rh8 29. Rd2 Rc8 30. a4 Qe8 31. Nf6 Qe7 32. Nxd7 Bxd7 33. Nd5 Qe6 34. Kg1 bxa4
35. Qf6+ Qxf6 36. Rxf6 Be6 37. Rff2 Rhd8 38. Nb6 Rb8 39. Nxa4 Bd7 40. Nc5 Rxb2
41. c3 Rxd2 42. Rxd2 Nc6 43. Rxd7 Rxd7 44. Nxd7 a5 45. Nc5 Kf6 46. Kf2 Ke7 47.
Ke3 Kd6 48. Na4 Nd8 49. Kd3 Ne6 50. Kc4 Kc6 51. Bf1 Nf4 52. Nc5 f6 53. Nd3 Ne6
54. Kb3 Kb6 55. Ka4 Nf4 56. Nxf4 exf4 57. Be2 Kc5 58. Kxa5 f3 59. Bxf3 Kc4 60.
Kb6 Kxc3 61. Kc5 Kd3 62. Kd5 Ke3 63. Bh1 Kf4 64. Ke6 Kg3 65. Kxf6 Kxh3 66. Kxg5
1-0